书目信息 |
| 题名: |
工业中的有机合成
|
|
| 作者: | 乌格留莫夫 著 ;潘旭 译 | |
| 分册: | ||
| 出版信息: | 北京 人民教育出版社 1958 |
|
| 页数: | 256页 | |
| 开本: | 20cm | |
| 丛书名: | ||
| 单 册: | ||
| 中图分类: | TQ2 | |
| 科图分类: | ||
| 主题词: | 有机化工 | |
| 电子资源: | ||
| ISBN: | ||
| 000 | 00644nam0 2200217 450 | |
| 001 | 0656573781 | |
| 005 | 20060508154548.75 | |
| 010 | @dCNY0.85 | |
| 100 | @a20060508d1958 km y0chiy0120 ea | |
| 101 | 0 | @achi@crus |
| 102 | @aCN@b110000 | |
| 102 | @aCN@b110000 | |
| 200 | 1 | @a工业中的有机合成@Agong ye zhong de you ji he cheng@f(苏)П·Г·乌格留莫夫著@F(su)П·Г·wu ge liu mo fu zhu@g潘旭译@Gpan xu yi |
| 210 | @a北京@c人民教育出版社@d1958 | |
| 215 | @a256页@d20cm | |
| 606 | 0 | @a有机化工 |
| 690 | @aTQ2@v3 | |
| 701 | 0 | @a乌格留莫夫@Awu ge liu mo fu@4著 |
| 702 | 0 | @a潘旭@Apan xu@4译 |
| 801 | 0 | @aCN@bPFT@c20060508 |
| 905 | @a10447@dTQ2@e3 | |
| 工业中的有机合成/(苏)П·Г·乌格留莫夫著/潘旭译.-北京:人民教育出版社,1958 |
| 256页;20cm |
| ISBN :CNY0.85 |
| ● |
| 相关链接 |
|
|
|
|
正题名:工业中的有机合成
索取号:TQ2/3
 
预约/预借
| 序号 | 登录号 | 条形码 | 馆藏地/架位号 | 状态 | 备注 |
| 1 | 0017201 | 202313594 | 密集书库/ [索取号:TQ2/3] | 在馆 |